000 01189nam a22002655i 4500
999 _c28292
_d28263
003 EG-ScBUE
005 20200309100315.0
008 200219s1992 pl f b 100 0 eng d
040 _aEG-ScBUE
_beng
_erda
_cEG-ScBUE
_dEG-ScBUE
082 0 4 _a338.642
_bPOL
_222
245 0 0 _aPolicy on small and medium-sized enterprises in Central and Eastern European countries :
_bsurvey and comparative study /
_cedited by Bogdan Piasecki, Dept. of Entrepreneurship and Industrial Policy, University of Ladz, Poland ; English text editor Leszek podbielski.
264 1 _aWarszawa :
_bZakład Poligraficzny,
_c[1992]
300 _a263 pages ;
_c24 cm
336 _atext
_btxt
_2rdacontent
337 _aunmediated
_bn
_2rdamedia
338 _avolume
_bnc
_2rdacarrier
500 _a"Organizing Committee 19th International Small Business Congress, October 11-14, 1992, Warsaw, Poland."-- title page.
650 7 _aSmall business
_zEurope, Eastern
_vCongresses.
_2BUEsh
650 7 _aSmall business
_zEurope, Eastern
_vCongresses.
_2BUEsh
653 _bBUSADM
_cMarch2020
700 1 _aPiasecki, Bogdan,
_eeditor.
700 1 _apodbielski, Leszek,
_eEnglish editor.
942 _2ddc
_cBB